000 00824nam a22001937a 4500
005 20231124165214.0
008 231124b ||||| |||| 00| 0 eng d
040 _cAL
041 _akan
082 _223
_aK494.3
_bPOOS
100 _aPoornima Suresh: ಪೂರ್ಣಿಮಾ ಸುರೇಶ್
_9143391
245 _aShabdarath: Kannada Konkani Padakosha
_b ಶಬ್ದಾರ್ಥ್: ಕನ್ನಡ ಕೊಂಕಣಿ ಪದಕೋಶ
260 _aMangalore
_bPrasaranga Mangalore University
_c2016
300 _axiv,183p.
_bPB
_c21x14cm.
365 _2Kannada
_a063-65
_b100.00
_c
_d200.00
_e50%
_f23-11-2023
650 _aKannada Konkani Dictitonary: ಕನ್ನಡ ಕೊಂಕಣಿ ಪದಕೋಶ
_9143386
700 _aPoornima Suresh: ಪೂರ್ಣಿಮಾ ಸುರೇಶ್
_9143387
942 _2ddc
_cBK
999 _c229304
_d229304